Un viaje por la economía de nuestro tiempo (Registro nro. 4305)
[ vista simple ]
| 000 -LEADER | |
|---|---|
| fixed length control field | 01473 a2200241 4500 |
| 001 - CONTROL NUMBER | |
| control field | 47164 |
| 005 - DATE AND TIME OF LATEST TRANSACTION | |
| control field | 20260407155740.0 |
| 008 - FIXED-LENGTH DATA ELEMENTS--GENERAL INFORMATION | |
| fixed length control field | 260407a1994 arg spa d |
| 003 - CONTROL NUMBER IDENTIFIER | |
| control field | AR-UNSa-BCEJYS |
| 040 ## - CATALOGING SOURCE | |
| Original cataloging agency | AR-UNSa-BCEJYS |
| Language of cataloging | spa |
| Transcribing agency | AR-UNSa-BCEJYS |
| 080 ## - UNIVERSAL DECIMAL CLASSIFICATION NUMBER | |
| Universal Decimal Classification number | 330 |
| Common auxiliary subdivision | Economía en general |
| 020 ## - INTERNATIONAL STANDARD BOOK NUMBER | |
| International Standard Book Number | 950-9122-33-5 |
| 041 ## - LANGUAGE CODE | |
| Language code of text/sound track or separate title | spa |
| 100 1# - MAIN ENTRY--PERSONAL NAME | |
| Personal name | Galbraith, John Kenneth |
| 245 10 - TITLE STATEMENT | |
| Title | Un viaje por la economía de nuestro tiempo |
| 264 #1 - PRODUCTION, PUBLICATION, DISTRIBUTION, MANUFACTURE, AND COPYRIGHT NOTICE | |
| Place of production, publication, distribution, manufacture | Barcelona : |
| Name of producer, publisher, distributor, manufacturer | Ediciones Ariel |
| Date of production, publication, distribution, manufacture, or copyright notice | 1994 |
| 300 ## - PHYSICAL DESCRIPTION | |
| Extent | 222 p. |
| Dimensions | 23 cm. |
| 505 ## - FORMATTED CONTENTS NOTE | |
| Formatted contents note | 1. La dinámica mayor - 2. La gran divisoria - 3. Las raíces del desorden - 4. Deuda, inflación y John Maynard Keynes - 5. La escena económica de entonces: una digresión - 6. Portentos - 7. La crisis económica - 8. La gran depresión - 9. La nueva política - 10. La revolución de John Maynard Keynes - 11. El mundo en general - 12. La Segunda Guerra - 13. Gran Bretaña y el otro lado - 14. La paz, I - 15. La paz, II - 16. Los años buenos - 17. Descolonización y desarrollo económico - 18. La iniciativa Kennedy - 19. La guerra contra la pobreza y la guerra - 20. Los años oscuros - 21. De la derrota a la victoria - 22. El logro de Reagan - 23. La gran implosión - 24. El milagro incierto - 25. El último capítulo - |
| 590 ## - LOCAL NOTE (RLIN) | |
| Local note | niveau_biblio:m niveau_hierar:0 |
| 700 1# - ADDED ENTRY--PERSONAL NAME | |
| Personal name | Tapias trujillo, Ramón |
| 856 41 - ELECTRONIC LOCATION AND ACCESS | |
| Uniform Resource Identifier | <a href="https://www.biblioeco.unsa.edu.ar/pmb/images/libros/L127412.jpg">https://www.biblioeco.unsa.edu.ar/pmb/images/libros/L127412.jpg</a> |
| Link text | Imagen de portada |
| Electronic format type | image/jpeg |
| 942 ## - ADDED ENTRY ELEMENTS (KOHA) | |
| Koha item type | |
| Withdrawn status | Lost status | Damaged status | Not for loan | Home library | Current library | Shelving location | Date acquired | Total checkouts | Full call number | Barcode | Date last seen | Price effective from | Koha item type |
|---|---|---|---|---|---|---|---|---|---|---|---|---|---|
| Biblioteca Prof. Eusebio Cleto del Rey | Biblioteca Prof. Eusebio Cleto del Rey | 07/04/2026 | 330 K34 | L127412 | 07/04/2026 | 07/04/2026 | Libro |